Zahraničný obchod Slovenska s vybranými ázijskými ekonomikami

Vývoj ekonomík a zahraničného obchodu vybraných ázijských ekonomík (Čína, India, Japonsko, Taiwan, Južná Kórea). Základné makroekonomické ukazovatele vybraných ázijských ekonomík (2015). Bilancia celkových exportov a importov ázijských ekonomík (2005-2015). Vývoj zahraničného obchodu Slovenska a vyb...

Descrizione completa

Salvato in:
Dettagli Bibliografici
Autore principale: Grešš, Martin, 1978-
Natura: Capitolo di libro
Lingua:slovacco
Soggetti:
Tags: Aggiungi Tag
Nessun Tag, puoi essere il primo ad aggiungerne!!

MARC

LEADER 00000nla a2200000 4500
001 0228938
005 20240502073754.1
041 0 |a slo 
044 |a SK 
245 1 0 |a Zahraničný obchod Slovenska s vybranými ázijskými ekonomikami  |c Martin Grešš 
520 |a Vývoj ekonomík a zahraničného obchodu vybraných ázijských ekonomík (Čína, India, Japonsko, Taiwan, Južná Kórea). Základné makroekonomické ukazovatele vybraných ázijských ekonomík (2015). Bilancia celkových exportov a importov ázijských ekonomík (2005-2015). Vývoj zahraničného obchodu Slovenska a vybraných ázijských ekonomík (2005-2015). 
610 2 0 |a obchod zahraničný 
610 2 0 |a dovoz 
610 2 0 |a vývoz 
610 2 0 |a saldo 
610 2 0 |a Slovensko 
610 2 0 |a Čína 
610 2 0 |a India 
610 2 0 |a Japonsko 
610 2 0 |a Južná Kórea 
610 2 0 |a Taiwan 
100 1 |a Grešš, Martin, 1978-